000 00404nam a2200157Ia 4500
008 230711s9999||||xx |||||||||||||| ||und||
041 _aENG
082 _a624.15136
_bVE-P
100 _aVerma,B.P
245 0 _aProblems in soil mechanics and foundation engineering
250 _a1st Ed.
260 _c2010
_aNew Delhi
_bKhanna Publishers
300 _a453p.
650 _aCivil Engineering
942 _cBK
999 _c6131
_d6131